Normal view
MARC view
- TEXTBOOK OF HYDRAULICS
Entry Topical Term
001 - CONTROL NUMBER
- control field: 60448
003 - CONTROL NUMBER IDENTIFIER
- control field: NUST
005 - DATE AND TIME OF LATEST TRANSACTION
- control field: 20210628202542.0
008 - FIXED-LENGTH DATA ELEMENTS
- fixed length control field: 210628|| aca||aabn | a|a d
040 ## - CATALOGING SOURCE
- Original cataloging agency: NUST
- Transcribing agency: NUST
150 ## - HEADING--TOPICAL TERM
- Topical term or geographic name entry element: TEXTBOOK OF HYDRAULICS
670 ## - SOURCE DATA FOUND
- Source citation: Work cat.: (NUST): Khurmi, R.S 24542, A textbook of hydraulics, 2004
